El Parc Natural del Montseny : un diàleg entre l'home i el territori un diàleg entre l'home i el territori
Publicado:
Barcelona :
Diputació de Barcelona. Àrea de Territori i Sostenibilitat. Xarxa de Parcs Naturals ,
2011
Descripción Física:
82 p. : il. col. ; 24 cm
MARC
| LEADER | 00000nam a2200000Ia 4500 | ||
|---|---|---|---|
| 001 | 23360 | ||
| 008 | 160829s2011 xx 000 0 cat d | ||
| 080 | |a C-3-381 | ||
| 245 | |a El Parc Natural del Montseny : |b un diàleg entre l'home i el territori | ||
| 260 | |a Barcelona : |b Diputació de Barcelona. Àrea de Territori i Sostenibilitat. Xarxa de Parcs Naturals, |c 2011 | ||
| 300 | |a 82 p. : |b il. col. ; |c 24 cm | ||
| 590 | |a Catàleg de l'exposició. | ||
| 590 | |a S'ha utilitzat el fons de l'Arxiu General de la Diputació de Barcelona | ||
| 650 | 0 | |a Parc Natural del Montseny (Catalunya) |x Exposicions |9 48711 | |
| 710 | 1 | |a Barcelona (Catalunya : Província). |b Xarxa de Parcs Naturals |9 7250 | |
| 901 | |a Arxiu | ||
| 942 | |n 1 | ||
| 952 | |0 0 |1 0 |4 0 |6 C3381 |7 1 |9 54796 |a Arxiu |b Arxiu |d 2012-01-09 |l 0 |o C-3-381 |p 23360 |r 2016-12-01 00:00:00 |w 2016-12-01 |y ARXIU | ||
| 999 | |c 58665 |d 58665 | ||